1463 1030 1985 1792 1395 1421 1237 1812 1890 1917 1290 1258 1221 1354 1940 1998 1421 1402 1571 1466 1743 1503 1595 1627 1723 1762 1741 1103 1141 1325 1354 1482 1350 1181 1077 1887 1534 1799 1704 1614 1970 1439 1395 1672 2000 1617 1319 1129 1984 1589 1957 1880 1866 1619 1104 1996 1608 1784 1977 1540 1452 1329 1256 1439 1769 1300 1505 1215 1860 1940 1066 1038 1369 1679 1277 1322 1376 1500 1110 1872 1968 1604 1352 1843 1653 1176 1717 1394 1036 1433 1292 1042 1408 1300 1481 1397 1344 1922 1819 BCNSPRNW ULIB Ver.6.0+V

เปลี่ยนเป็นภาษาไทย

Change to English
 แสดงรายละเอียดบรรณานุกรม
  กลับหน้าหลัก

Brief Record : Get Marc (ISO 2709) : E-mail record : QR code < ปิดหน้าต่าง
LEADER : 00000nam 2200000uu 4500
001    13399124327
003     ULIB
008    150325s||||||||th 000 0 tha d
060  0 WT120^bก318น
110 1  กลุ่มนันทนาการชุมชน สำนักนันทนาการ กรมพลศึกษา กระทรวงการท้องเที่ยวและกีฬา
245 00 แนทางการจัดกิจกรรมนันทนาการเพื่อผุ้สูงอายุ/^cกลุ่มนันทนาการชุมชน สำนักนันทนาการ กรมพลศึกษา กระทรวงการท้องเที่ยวและกีฬา
260    กรุงเทพฯ :|bกรม,|c[25--?]
300    121 หน้า :|bภาพประกอบ ;|c27 ซม.
650  7 นันทนาการ
650  7 ผู้สูงอายุ
710 1  กรมพลศึกษา.|bสำนักนันทนาการ.|bกลุ่มนันทนาการชุมชน
945    ^p0^l0^i039312
945    ^p0^l0^i039313
945    ^p0^l0^i039314
999    ^aเกษร โพธิ์สุวรรณ
รายการนี้ยังไม่มีแท็ก
คุณยังไม่ได้ล็อกอิน คุณสามารถมีกิจกรรมร่วมกับเว็บไซต์ได้ แต่ต้องล็อกอินก่อน ::
  ล็อกอิน

รายการสื่อสารสนเทศ

ลำดับที่ ประเภท เลขเรียก/บาร์โค้ด สถานที่ สถานะ
1. วิทยาศาสตร์การแพทย์ และสุขภาพ
วิทยาศาสตร์การแพทย์ และสุขภาพ
WT120 ก318น ฉ.1 
  Barcode: 039312
ห้องสมุดวิทยาเขตนครสวรรค์
►หนังสือทั่วไป:l:General Books
บนชั้น
2. วิทยาศาสตร์การแพทย์ และสุขภาพ
วิทยาศาสตร์การแพทย์ และสุขภาพ
WT120 ก318น ฉ.2 
  Barcode: 039313
ห้องสมุดวิทยาเขตนครสวรรค์
►หนังสือทั่วไป:l:General Books
บนชั้น
3. วิทยาศาสตร์การแพทย์ และสุขภาพ
วิทยาศาสตร์การแพทย์ และสุขภาพ
WT120 ก318น ฉ.3 
  Barcode: 039314
ห้องสมุดวิทยาเขตนครสวรรค์
►หนังสือทั่วไป:l:General Books
ถูกยืม กำหนดส่งวันที่ 1 มีนาคม 2569
  จอง

รายการใกล้เคียง
    หัวเรื่อง [นันทนาการ]
    หัวเรื่อง [ผู้สูงอายุ]

BibComment


ยังไม่เคยถูกคอมเมนท์

คอมเมนท์ทรัพยากรรายการนี้
  คอมเมนท์: แนทางการจัดกิจกรร..


 Copyright 2026. Bcnsprnw @Library